Rôznorodosť organických odpadov a k ich využiteľnosti

Odpady organického pôvodu a ich význam pre vylepšovanie vlastností pôdy, zamedzenie erózií, efektívne pestovanie okrasných a úžitkových rastlín. Pestrosť druhovej skladby rastlinného odpadu. Využitie drevného odpadu pre produkovanie mulčovacej kôry či drevnej štiepky.

Salvato in:
Dettagli Bibliografici
Autore principale: Stričík, Michal, 1969-
Altri autori: Rovný, Patrik, Blišáková, Alexandra
Natura: Capitolo di libro
Lingua:slovacco
Soggetti:
Tags: Aggiungi Tag
Nessun Tag, puoi essere il primo ad aggiungerne!!

MARC

LEADER 00000nla a2200000 4500
001 0240755
005 20240502073922.7
041 0 |a slo 
044 |a SK 
245 1 0 |a Rôznorodosť organických odpadov a k ich využiteľnosti  |c M. Stričík, P. Rovný, A. Blišáková 
520 |a Odpady organického pôvodu a ich význam pre vylepšovanie vlastností pôdy, zamedzenie erózií, efektívne pestovanie okrasných a úžitkových rastlín. Pestrosť druhovej skladby rastlinného odpadu. Využitie drevného odpadu pre produkovanie mulčovacej kôry či drevnej štiepky. 
610 2 0 |a odpad 
610 2 0 |a záhradkárstvo 
610 2 0 |a poľnohospodárstvo 
610 2 0 |a ekológia 
610 2 0 |a pôda 
100 1 |a Stričík, Michal, 1969- 
700 1 |a Rovný, Patrik 
700 1 |a Blišáková, Alexandra